000 00506nam a2200169 4500
001 148528
003 ES-MaACL
005 20230906202702.0
007 t|
008 070214s1920 gw r ||||1| ger d
100 1 _aStrindberg, August.
_9108433
245 1 0 _aAm offnen Meer /
_cAugust Strindberg ; aus dem Schwedischen übersetzt von Emil Schering.
260 _aMünchen :
_bGeorg Müller,
_c1920.
300 _a310 p. ;
_c21 x 14 cm.
700 1 _aSchering, Emil.
_9104315
852 _aES-MaACL
_jG-91
999 _c148528
_d148528